000 01082nam a22002297a 4500
999 _c59041
_d59041
003 Ge_BSU
005 20221110162715.0
008 221110s2022ge xxu||||| |||| 00| 0 geo d
020 _a9789941341304
041 _ageo
080 _a327.7+ 341.217(4) მ-70
100 _aმირიანაშვილი, გიორგი
_915762
245 _aევროპის კავშირის სამართალი :
_bპირველი ნაწილი /
_cგიორგი მირიანაშვილი.
264 _aთბილისი :
_bმერიდიანი,
_c2022.
300 _a430 გვ.:
_b20სმ.
504 _aბიბლიოგრ.გვ:409-422
653 _aევროპის კავშირის სამართალი
653 _a სამართალი
773 _tნაჩუქარი,
_w მ.ნაკაშიძე
856 _uhttps://rustaveli.org.ge/res/docs/c5b99b6cfe51d9fbbd74fb43b6e8b83fffb0669d.pdf
_yელექტრონული ვერსია
942 _2udc
_cBK